000 00450nam a2200157Ia 4500
008 230921s9999||||xx |||||||||||||| ||und||
020 _a978-1-4842-4520-0
041 _aEN
100 _aSanket Kulkarni
245 0 _aImplementing SAP S/4HANA
250 _a1st ed.
260 _c2019
_bApress
856 _uhttps://doi.org/10.1007/978-1-4842-4520-0
856 _uhttps://link.springer.com/openurl?genre=book&isbn=978-1-4842-4520-0
942 _cEB
999 _c261500
_d261500